000 00380nam a2200157Ia 4500
008 221030s9999 xx 000 0 und d
020 _a8120308557
041 _aEnglish
082 _a105.23
_bMan
100 _aM. M. Morris
245 0 _aComputer System Architecture
_cby M. M. Morris
260 _bPHI
_aNew Delhi
_c1999
300 _a525
650 _aBE Computer
942 _cBK
999 _c1529
_d1529